• 首页
  • 本馆介绍
  • 公告通知
  • 最新文献
  • 馆藏检索
  • 电子资源
  • 读者导购
  • 参考咨询
  • 我的图书馆
  • 登录
  • 详细信息显示
  • 放入我的书架
  • 预约/预借图书
  • 作者相关作品
  • 分类相关作品
  • 丛书相关作品
  • 出版社相关作品

书目信息

  • 表格格式
  • 工作单格式
  • 卡片格式
题名:
只有中医知道
    
 
作者: 肖彩兰 著
分册:  
出版信息: 广州   世界图书出版广东有限公司  2016.8
页数: 217页
开本: 24cm
丛书名:
单 册:
中图分类: R286-49
科图分类:
主题词: 中成药--普及读物
电子资源:
ISBN: 978-7-5192-1592-7
000 00791nam0 2200241 450
001 0400004773
005 20171025081938.0
010    @a978-7-5192-1592-7@dCNY39.80
100    @a20160923d2016 em y0chiy50 ea
101 0  @achi
102    @aCN@b440000
105    @aa z 000yy
106    @ar
200 1  @a只有中医知道@9zhi you zhong yi zhi dao@e中成药这样用才有效@f肖彩兰著
210    @a广州@c世界图书出版广东有限公司@d2016.8
215    @a217页@c图@d24cm
330    @a本书就生活中常见的各种病症以及针对性使用中成药的医学养生常识进行了介绍。
517 1  @a中成药这样用才有效@9zhong cheng yao zhe yang yong cai you xiao
606 0  @a中成药@j普及读物
690    @aR286-49@v5
701  0 @a肖彩兰@9xiao cai lan@4著
801  0 @aCN@b91MARC@c20171025
905    @b1039270-4@dR286-49@f5@e409
    
    只有中医知道:中成药这样用才有效/肖彩兰著.-广州:世界图书出版广东有限公司,2016.8
    217页:图;24cm
    
    
    ISBN 978-7-5192-1592-7:CNY39.80
    本书就生活中常见的各种病症以及针对性使用中成药的医学养生常识进行了介绍。
●
相关链接 在E读中查询图书 在五车中查询图书 在当当中查询图书 在豆瓣中查询图书


正题名:只有中医知道     索取号:R286-49/409         预约/预借

序号 登录号 条形码 馆藏地/架位号 状态 备注
1 1039270   210392706   第二样本阅览室/ [索取号:R286-49/409] 在馆    
2 1039271   210392715   密集书库-生命科学系/ [索取号:R286-49/409] 在馆    
3 1039272   210392724   第三借阅区/ [索取号:R286-49/409] 在馆    
4 1039273   210392733   第三借阅区/ [索取号:R286-49/409] 在馆    
5 1039274   210392742   第三借阅区/ [索取号:R286-49/409] 在馆    
唐山师范学院图书馆 欢迎您!
大连网信软件有限公司© 版权所有